000 00532cam a22001932a 4500
001 003292
003 AR-FADEU
008 311216n########xxu####################dd
092 _a301
_bM479
100 _aMead, George H.
245 _aEspíritu, persona y sociedad : desde el punto de conductismo social
260 _aBuenos Aires
260 _bPaidós
300 _a393 p
440 _aBiblioteca de psicología social y sociología
_n3
500 _aIncluye bibliografía
650 _aPSICOLOGIA SOCIAL
942 _cBDGR
999 _c9123
_d9123